000
00277nam a2200121Ia 4500
008
190216s9999||||xx |||||||||||||| ||und||
100
_a
Lubert Stryer
245
0
_a
Biochemistry
260
_b
W H Freeman And Company
_c
1975
300
_a
877p
650
_a
Chemistry
942
_c
BK
999
_c
2023
_d
2023